000 00329nam a22001457a 4500
008 221031b ||||| |||| 00| 0 eng d
020 _a9781323414743
041 _aeng
080 _2SECOND EDITION
_a573
082 _a573
100 _a16.1
101 _aBIO
245 _aCAMPBELL BIOLOGY IN FOCUS
_cURRY L
942 _2udc
_cBK
999 _c58690
_d58690